মাইকেল এইচ. হার্টের শত মনীষী অবলম্বনে সর্বকালের সর্বশ্রেষ্ঠ ২৫ ব্যক্তিত্ব / (Record no. 13376)
[ view plain ]
| 000 -LEADER | |
|---|---|
| fixed length control field | 00852nam a2200229 a 4500 |
| 001 - CONTROL NUMBER | |
| JCCL Control Number | 13376 |
| 003 - CONTROL NUMBER IDENTIFIER | |
| JCCL marc code | BD-JhCC |
| 005 - DATE AND TIME OF LATEST TRANSACTION | |
| control field | 20230910194650.0 |
| 008 - FIXED-LENGTH DATA ELEMENTS--GENERAL INFORMATION | |
| fixed length control field | 231105s20122022bg |||| ||a| 000 0cben d |
| 020 ## - INTERNATIONAL STANDARD BOOK NUMBER | |
| International Standard Book Number | 9789849029410 |
| 035 ## - SYSTEM CONTROL NUMBER | |
| system control number | (BD-JhCC) 13376 |
| 040 ## - CATALOGING SOURCE | |
| Original cataloging agency | BD-JhCC |
| Modifying agency | BD-JhCC |
| 041 ## - LANGUAGE CODE | |
| Language code of Book | ben |
| 082 ## - DEWEY DECIMAL CLASSIFICATION NUMBER | |
| Classification number | 920 |
| Author mark and Year | MIC 2022 |
| 245 ## - TITLE STATEMENT | |
| Title | মাইকেল এইচ. হার্টের শত মনীষী অবলম্বনে সর্বকালের সর্বশ্রেষ্ঠ ২৫ ব্যক্তিত্ব / |
| Statement of responsibility, etc | সম্পদনায় সুমন ইসলাম |
| 260 ## - PUBLICATION, DISTRIBUTION, ETC. (IMPRINT) | |
| Place of publication, distribution, etc | ঢাকা : |
| Name of publisher, distributor, etc | মহাকাল, |
| Date of publication, distribution, etc | ২০২২. |
| 300 ## - PHYSICAL DESCRIPTION | |
| Pagination | ৮৭ পৃ. : |
| Dimensions | ২২ সেমি. |
| 650 ## - SUBJECT ADDED ENTRY--TOPICAL TERM | |
| Topical term or geographic name as entry element | Collection of Biography |
| 700 ## - ADDED ENTRY--PERSONAL NAME | |
| Personal name | ইসলাম, সুমন |
| 942 ## - ADDED ENTRY ELEMENTS (KOHA) | |
| Source of classification or shelving scheme | Dewey Decimal Classification |
| Koha item type | Books |
| Source of classification or shelving scheme | Damaged status | Not for loan | Home library | Current library | Shelving location | Date of accession | Cost, normal purchase price | Total Checkouts | Full call number | Barcode | Date last seen | Date checked out | Copy number | Method of acquisition | Koha item type | Currency |
|---|---|---|---|---|---|---|---|---|---|---|---|---|---|---|---|---|
| Dewey Decimal Classification | JCC Rouf Library | JCC Rouf Library | General Stacks | 06/23/2023 | 165.00 | 2 | 920 MIC 2022 | 18314 | 07/29/2024 | 07/01/2024 | C-1 | Purchase | Books | BDT |